00445nam a2200145Ia 450000100060000000800410000602000180004704000130006508200190007810000270009724501060012426000510023030000110028154600070029211608140331s9999 xx 000 0 und d a0-684-81196-0 cPK-LaUMT a 307.12bKUN-H aKunstler, James Howard aHome from nowhere:bremaking our everyday world for the twenty-first century.cKunstler, James Howard aEnglewood Cliffs,USA:bSimon & Schuster,c1996 a318 p. aEN